| 000 | 00645nam a2200193 a 4500 | ||
|---|---|---|---|
| 005 | 20210223120534.0 | ||
| 008 | 991125s1982 es 000 0 spa u | ||
| 020 | _a8420619558 | ||
| 035 | _aUPN01000003093 | ||
| 049 | _aCG | ||
| 050 | 4 |
_aDC138 _bT6.28 |
|
| 100 | 1 |
_aTocqueville, Charles Alexis Henri Clérel de, _d1805-1859 _930377 |
|
| 245 | 1 | 3 |
_aEl antiguo régimen y la revolución / _cAlexis de Tocqueville ; tr. Dolores Sánchez de Aleu. |
| 260 |
_aMadrid : _bAlianza, _c1982. |
||
| 300 | _a2 v. | ||
| 440 | 3 |
_aEl libro de bolsillo. _pHumanidades ; _v881-882 |
|
| 651 | 4 |
_aFRANCIA - _xHISTORIA - _yREVOLUCION, 1789-1793 _99576 |
|
| 905 | _aLibro | ||
| 999 |
_c3093 _d3093 |
||